Ľudský kapitál v regionálnom rozvoji

Pojem ľudský kapitál, pracovné zdroje a ľudské zdroje. Ich úloha v regionálnom rozvoji. Návrh na zvyšovanie odbornosti ľudského kapitálu pre regionálny rozvoj.

Guardado en:
Detalles Bibliográficos
Autor principal: Slobodníková, Oľga
Formato: Capítulo de libro
Lenguaje:eslovaco
Materias:
Etiquetas: Agregar Etiqueta
Sin Etiquetas, Sea el primero en etiquetar este registro!

MARC

LEADER 00000naa a2200000 4500
001 0164014
005 20220715083500.1
041 0 |a slo 
044 |a SK 
245 1 0 |a Ľudský kapitál v regionálnom rozvoji  |c Oľga Slobodníková 
520 |a Pojem ľudský kapitál, pracovné zdroje a ľudské zdroje. Ich úloha v regionálnom rozvoji. Návrh na zvyšovanie odbornosti ľudského kapitálu pre regionálny rozvoj. 
610 2 0 |a politika regionálna 
610 2 0 |a Slovensko 
610 2 0 |a kapitál ľudský 
610 2 0 |a sily pracovné 
610 2 0 |a zdroje ľudské 
100 1 |a Slobodníková, Oľga